Statystyki dla Państwa z przynajmniej dwoma literami „R”

Kliknij tutaj aby rozwiązać quiz!

Ogólne statystyki

  • Ten quiz został rozwiązany 57 razy
  • Średni wynik to 5 z 8

Statystyki odpowiedzi

Państwo% Poprawnych
Republika Południowej Afryki
91%
Republika Środkowoafrykańska
87%
Demokratyczna Republika Konga
85%
Republika Zielonego Przylądka
74%
Zjednoczone Emiraty Arabskie
70%
Sierra Leone
34%
Czarnogóra
30%
Erytrea
26%

Rozkład punktacji

Percentyl według liczby udzielonych odpowiedzi

Procent ludzi z każdym wynikiem

Twoja historia wyników

Nie rozwiązałeś tego quizu